[Event "COL-ch sf (Women)"]
[Site "Pereira"]
[Date "2024.03.31"]
[Round "9"]
[White "Lopez Rayo, Isabella"]
[Black "Hernandez Fonseca, Maria Paula"]
[Result "1/2-1/2"]
[WhiteElo "1971"]
[BlackElo "1995"]
[PlyCount "78"]
[EventDate "2024.03.27"]
[EventType "swiss"]
[EventRounds "9"]
[EventCountry "COL"]
[SourceTitle "CB14_2024"]
[SourceDate "2024.04.01"]
[SourceVersion "1"]
[SourceVersionDate "2024.04.01"]
[SourceQuality "1"]

1. e4 c5 2. Nf3 Nc6 3. d4 cxd4 4. Nxd4 Qb6 5. Nb3 Nf6 6. Nc3 e6 7. Qe2 d6 8. g4 Be7 9. Be3 Qc7 10. g5 Nd7 11. Nb5 Qb8 12. 0-0-0 a6 13. N5d4 Qc7 14. h4 b5 15. h5 Nb6 16. Bh3 Nxd4 17. Nxd4 Qc4 18. b3 Qxe2 19. Nxe2 Nd7 20. Nd4 Bb7 21. f3 Ne5 22. Bg2 d5 23. f4 Ng4 24. Bg1 dxe4 25. Kb2 Rd8 26. Re1 e5 27. fxe5 Bxg5 28. Bxe4 Bxe4 29. Rxe4 Nh6 30. Bf2 g6 31. Rg1 Bd2 32. Bh4 Rc8 33. Be1 Bxe1 34. Rgxe1 Nf5 35. Nxf5 gxf5 36. Rf4 Rg8 37. Rxf5 Rg2 38. Rc1 Re2 39. Rg5 Rc5 1/2-1/2

[Event "COL-ch sf (Women)"]
[Site "Pereira"]
[Date "2024.03.30"]
[Round "6"]
[White "Valencia Quinchia, Isabella"]
[Black "Lopez Rayo, Isabella"]
[Result "0-1"]
[WhiteElo "1776"]
[BlackElo "1971"]
[PlyCount "62"]
[EventDate "2024.03.27"]
[EventType "swiss"]
[EventRounds "9"]
[EventCountry "COL"]
[SourceTitle "CB14_2024"]
[SourceDate "2024.04.01"]
[SourceVersion "1"]
[SourceVersionDate "2024.04.01"]
[SourceQuality "1"]

1. e4 e5 2. Nf3 Nc6 3. d4 exd4 4. Nxd4 Nf6 5. Nxc6 bxc6 6. e5 Qe7 7. Qe2 Nd5 8. c4 Ba6 9. b3 g6 10. f4 Bg7 11. Qf2 Nf6 12. Ba3 Ng4 13. Qd2 d6 14. Be2 0-0 15. 0-0 Nxe5 16. Nc3 Nd7 17. Bf3 Bb7 18. Rae1 Qf6 19. Ne2 Rfe8 20. Qa5 Nb6 21. f5 Qe5 22. c5 dxc5 23. Bxc5 Bf8 24. b4 Nc4 25. Qa4 Bxc5+ 26. bxc5 Qxc5+ 27. Kh1 Nd2 28. fxg6 hxg6 29. Rc1 Qe3 30. Rc3 Qe5 31. Rf2 Qxc3 0-1

[Event "COL-ch sf (Women)"]
[Site "Pereira"]
[Date "2024.03.28"]
[Round "2"]
[White "Morales Perez, Ghisell Gabriela"]
[Black "Lopez Rayo, Isabella"]
[Result "0-1"]
[WhiteElo "1817"]
[BlackElo "1971"]
[PlyCount "76"]
[EventDate "2024.03.27"]
[EventType "swiss"]
[EventRounds "9"]
[EventCountry "COL"]
[SourceTitle "CB14_2024"]
[SourceDate "2024.04.01"]
[SourceVersion "1"]
[SourceVersionDate "2024.04.01"]
[SourceQuality "1"]

1. e4 e5 2. Nf3 Nc6 3. Nc3 Nf6 4. Be2 d5 5. exd5 Nxd5 6. 0-0 Be7 7. Bb5 Nxc3 8. bxc3 e4 9. Nd4 Qd5 10. Re1 0-0 11. Nxc6 bxc6 12. Bf1 f5 13. d4 f4 14. Qe2 Bd6 15. Qxe4 Qxe4 16. Rxe4 Bf5 17. Re1 Rfe8 18. Bd2 Bxc2 19. Bc4+ Kf8 20. Bb3 Rxe1+ 21. Rxe1 Bxb3 22. axb3 a5 23. Ra1 Rb8 24. b4 axb4 25. cxb4 Rb6 26. Rb1 Kf7 27. Kf1 Ke6 28. Ke2 Kd5 29. Kd3 Ra6 30. Rb3 Ra2 31. f3 Ra1 32. b5 Rg1 33. bxc6 Kxc6 34. Rc3+ Kd5 35. Rb3 Rxg2 36. Rb5+ Ke6 37. Rh5 h6 38. Rh4 Rf2 0-1

[Event "COL-ch U20 Girls"]
[Site "Cali"]
[Date "2024.03.03"]
[Round "9"]
[White "Lopez Rayo, Isabella"]
[Black "Ruiz Jaraba, Valentina Sofia"]
[Result "1/2-1/2"]
[WhiteElo "1951"]
[BlackElo "1811"]
[PlyCount "74"]
[EventDate "2024.02.28"]
[EventType "swiss"]
[EventRounds "9"]
[EventCountry "COL"]
[SourceTitle "CB11_2024"]
[SourceDate "2024.03.13"]
[SourceVersion "1"]
[SourceVersionDate "2024.03.13"]
[SourceQuality "1"]

1. e4 c5 2. Nf3 a6 3. g3 b5 4. d4 cxd4 5. Nxd4 Bb7 6. Bg2 Nf6 7. Qd3 e6 8. Bg5 d6 9. 0-0 Nbd7 10. Qe2 Rb8 11. Nc3 Be7 12. a3 0-0 13. Bd2 Re8 14. Kh1 Nb6 15. Rad1 Qc7 16. g4 Nc4 17. g5 Nd7 18. Bc1 Nxa3 19. f4 Nc4 20. b3 Ncb6 21. Bb2 b4 22. Nb1 d5 23. f5 e5 24. Ne6 fxe6 25. fxe6 d4 26. exd7 Nxd7 27. h4 Nf8 28. Bh3 Qc6 29. Rde1 Bc8 30. Bg2 Ng6 31. h5 Nh4 32. Bc1 Nxg2 33. Qxg2 Qe6 34. Nd2 Qg4 35. Qh2 Qh3 36. Nf3 Qxh2+ 37. Kxh2 Rb5 1/2-1/2

[Event "COL-ch U20 Girls"]
[Site "Cali"]
[Date "2024.03.02"]
[Round "7"]
[White "Brito Carrascal, Isabela"]
[Black "Lopez Rayo, Isabella"]
[Result "1-0"]
[WhiteElo "1713"]
[BlackElo "1951"]
[PlyCount "69"]
[EventDate "2024.02.28"]
[EventType "swiss"]
[EventRounds "9"]
[EventCountry "COL"]
[SourceTitle "CB11_2024"]
[SourceDate "2024.03.13"]
[SourceVersion "1"]
[SourceVersionDate "2024.03.13"]
[SourceQuality "1"]

1. d4 Nf6 2. c4 c5 3. d5 b5 4. cxb5 a6 5. e3 g6 6. Nc3 Bg7 7. e4 d6 8. Nf3 0-0 9. a4 Bd7 10. Bd2 Bc8 11. Be2 axb5 12. axb5 Bb7 13. Rxa8 Bxa8 14. 0-0 Nbd7 15. Qc2 Nb6 16. Ra1 e6 17. dxe6 fxe6 18. e5 Nfd5 19. Bg5 Qd7 20. exd6 Nxc3 21. bxc3 Qxd6 22. Rd1 Qc7 23. c4 e5 24. Be3 e4 25. Ng5 Qe5 26. Bg4 Re8 27. Be6+ Rxe6 28. Nxe6 Qxe6 29. Bxc5 Nd7 30. Be3 Bf8 31. Ra1 Bb7 32. c5 Qf6 33. Qc4+ Kg7 34. Bd4 Ne5 35. Qc3 1-0

[Event "COL-chT (Women)"]
[Site "Risaralda"]
[Date "2023.11.21"]
[Round "4.4"]
[White "Lopez Rayo, Isabella"]
[Black "Sanchez Riobo, Emily Dainne"]
[Result "1-0"]
[WhiteElo "1943"]
[BlackElo "1478"]
[PlyCount "77"]
[EventDate "2023.11.19"]
[EventType "team-swiss"]
[EventRounds "7"]
[EventCountry "COL"]
[SourceTitle "CB49_2023"]
[SourceDate "2023.12.06"]
[SourceVersion "1"]
[SourceVersionDate "2023.12.06"]
[SourceQuality "1"]
[WhiteTeam "Valle (W)"]
[BlackTeam "Risaralda (W)"]
[WhiteTeamCountry "COL"]
[BlackTeamCountry "COL"]

1. e4 c6 2. d4 d5 3. exd5 cxd5 4. Bd3 Nc6 5. c3 Qc7 6. Ne2 Bg4 7. 0-0 Nf6 8. Qe1 e5 9. dxe5 Nxe5 10. Bb5+ Bd7 11. Nd4 Kd8 12. Bxd7 Nfxd7 13. Qe2 Bd6 14. Nb5 Qb6 15. Nxd6 Qxd6 16. Na3 a6 17. Bf4 Re8 18. Rfe1 f6 19. Rad1 Qc6 20. Qd2 Nb6 21. c4 Nexc4 22. Nxc4 Rxe1+ 23. Rxe1 Nxc4 24. Qb4 Ne5 25. Bxe5 fxe5 26. Qf8+ Qe8 27. Qxg7 Qe7 28. Qg8+ Qe8 29. Qxd5+ Kc8 30. Rxe5 Qg6 31. Qe6+ Qxe6 32. Rxe6 Kd7 33. Rh6 Rh8 34. g4 Ke7 35. g5 Kf7 36. g6+ Kg7 37. Rxh7+ Rxh7 38. gxh7 Kxh7 39. Kg2 1-0

[Event "Wch U20 Girls 39th"]
[Site "Mexico City"]
[Date "2023.09.22"]
[Round "2"]
[White "Lopez Rayo, Isabella"]
[Black "Demchenko, Svitlana"]
[Result "0-1"]
[WhiteElo "1876"]
[BlackElo "2169"]
[PlyCount "100"]
[EventDate "2023.09.21"]
[EventType "swiss"]
[EventRounds "11"]
[EventCountry "MEX"]
[SourceTitle "EXT 2024"]
[Source "ChessBase"]
[SourceDate "2023.10.10"]
[SourceVersion "1"]
[SourceVersionDate "2023.10.10"]
[SourceQuality "1"]

1. e4 c5 2. Nf3 e6 3. d4 cxd4 4. Nxd4 Nc6 5. Nc3 Qc7 6. Be3 a6 7. g4 b5 8. Nxc6 dxc6 9. Qd2 e5 10. g5 Be6 11. f3 Qa5 12. Ne2 Qxd2+ 13. Kxd2 h6 14. f4 Rd8+ 15. Ke1 exf4 16. Nxf4 Bg4 17. g6 Bf3 18. Rg1 Bxe4 19. c3 Bd6 20. gxf7+ Kxf7 21. Rxg7+ Kxg7 22. Ne6+ Kg6 23. Nxd8 Nf6 24. Nb7 Bxh2 25. Nc5 Bf5 26. Bd3 Ng4 27. Bxf5+ Kxf5 28. Bd4 Re8+ 29. Kd2 Bf4+ 30. Kd3 Ne5+ 31. Kc2 Nf3 32. Rd1 Re2+ 33. Kb1 Nxd4 34. cxd4 h5 35. Rf1 h4 36. Nd3 Re4 37. Kc2 Rxd4 38. Nf2 Kg5 39. Kc3 c5 40. b3 Bg3 41. Nd3 Rd5 42. Rg1 Kg4 43. Nf2+ Kf3 44. Nh3 Re5 45. Kd3 Re1 46. Rxe1 Bxe1 47. a4 Kg4 48. Ng1 h3 49. Nxh3 Kxh3 50. axb5 axb5 0-1

[Event "Belgrade Serbia op"]
[Site "Belgrade"]
[Date "2023.07.17"]
[Round "2"]
[White "Demirkol, Kerim Calvelo"]
[Black "Lopez Rayo, Isabella"]
[Result "1/2-1/2"]
[WhiteElo "1673"]
[BlackElo "1971"]
[PlyCount "74"]
[EventDate "2023.07.16"]
[EventType "swiss"]
[EventRounds "9"]
[EventCountry "SRB"]
[SourceTitle "CBM 215 Extra"]
[Source "ChessBase"]
[SourceDate "2023.09.30"]
[SourceVersion "1"]
[SourceVersionDate "2023.09.30"]
[SourceQuality "1"]

1. d4 Nf6 2. c4 c5 3. d5 b5 4. cxb5 a6 5. bxa6 g6 6. Nc3 Bxa6 7. e4 Bxf1 8. Kxf1 d6 9. g3 Bg7 10. Kg2 0-0 11. Nf3 Nbd7 12. a4 Qa5 13. Bd2 Qb6 14. Qc2 Rfb8 15. Nb5 Qb7 16. Bc3 Nb6 17. Nd2 Qd7 18. b3 e6 19. dxe6 fxe6 20. Nc4 Nxc4 21. bxc4 d5 22. Be5 Nxe4 23. Bxg7 Kxg7 24. Rhd1 Qc6 25. cxd5 exd5 26. f3 Nf6 27. Nd4 Qc8 28. Nb3 Rb4 29. a5 Rab8 30. Rab1 d4 31. Qe2 Rxb3 32. Rxb3 Rxb3 33. Qe7+ Kg8 34. Qxf6 Rb2+ 35. Kg1 Qh3 36. Qd8+ Kg7 37. Qe7+ Kg8 1/2-1/2

[Event "COL-ch U20 Girls"]
[Site "Cali"]
[Date "2023.06.23"]
[Round "3"]
[White "Lopez Rayo, Isabella"]
[Black "Tipiani Martinez, Paula Sofia"]
[Result "1-0"]
[WhiteElo "2006"]
[BlackElo "1423"]
[PlyCount "69"]
[EventDate "2023.06.22"]
[EventType "swiss"]
[EventRounds "7"]
[EventCountry "COL"]
[SourceTitle "CBM 214 Extra"]
[Source "ChessBase"]
[SourceDate "2023.07.31"]
[SourceVersion "1"]
[SourceVersionDate "2023.07.31"]
[SourceQuality "1"]

1. e4 e5 2. Nf3 Nc6 3. Nc3 Nf6 4. d4 exd4 5. Nxd4 Bb4 6. Nxc6 bxc6 7. Bd3 d5 8. exd5 cxd5 9. 0-0 0-0 10. Bg5 c6 11. Qf3 Qd6 12. h3 a5 13. a3 Bc5 14. Bf4 Qd7 15. Na4 Ba7 16. Be5 Qe7 17. Rfe1 Be6 18. Re2 c5 19. Nc3 Bb8 20. Rae1 Nd7 21. Bxb8 Raxb8 22. Nxd5 Qd6 23. Nf4 c4 24. Be4 Nc5 25. Nxe6 Nxe6 26. Qf5 g6 27. Qxa5 Rxb2 28. Rd2 Qc5 29. Qc3 Ra2 30. Bd5 Rxa3 31. Qf6 Nc7 32. Red1 c3 33. Bxf7+ Rxf7 34. Rd8+ Rf8 35. R1d7 1-0

[Event "COL-ch U20 Girls"]
[Site "Cali"]
[Date "2023.06.22"]
[Round "1"]
[White "Lopez Rayo, Isabella"]
[Black "Bonilla Barreiro, Maria Jose"]
[Result "1-0"]
[WhiteElo "2006"]
[BlackElo "1362"]
[PlyCount "41"]
[EventDate "2023.06.22"]
[EventType "swiss"]
[EventRounds "7"]
[EventCountry "COL"]
[SourceTitle "CBM 214 Extra"]
[Source "ChessBase"]
[SourceDate "2023.07.31"]
[SourceVersion "1"]
[SourceVersionDate "2023.07.31"]
[SourceQuality "1"]

1. e4 c5 2. Nf3 d6 3. d4 cxd4 4. Nxd4 Nf6 5. Nc3 a6 6. f3 e6 7. Be3 Qb6 8. Qd2 Qc7 9. g4 Nc6 10. g5 Nd7 11. 0-0-0 b5 12. f4 Bb7 13. f5 Nxd4 14. Qxd4 Rc8 15. fxe6 fxe6 16. Bh3 Nc5 17. Rhf1 e5 18. Qd2 Rd8 19. Nd5 Qc6 20. Qf2 Rd7 21. Bxd7+ 1-0

[Event "Cali Valle Colombia op-A"]
[Site "Cali Valle Colombia"]
[Date "2022.12.30"]
[Round "9"]
[White "Mateus, Martha"]
[Black "Lopez Rayo, Isabella"]
[Result "1/2-1/2"]
[WhiteElo "2005"]
[BlackElo "1887"]
[PlyCount "151"]
[EventDate "2022.12.26"]
[EventType "swiss"]
[EventRounds "9"]
[EventCountry "COL"]
[SourceTitle "CBM 211 Extra"]
[Source "ChessBase"]
[SourceDate "2023.01.31"]
[SourceVersion "1"]
[SourceVersionDate "2023.01.31"]
[SourceQuality "1"]

1. e4 c5 2. c3 d5 3. exd5 Qxd5 4. d4 Nc6 5. Nf3 Bf5 6. Na3 Nf6 7. Bc4 Qe4+ 8. Be3 e6 9. 0-0 cxd4 10. Ng5 Qh4 11. g3 Qh5 12. Qxh5 Nxh5 13. cxd4 Bxa3 14. bxa3 0-0 15. d5 exd5 16. Bxd5 h6 17. Nf3 Nf6 18. Bxc6 bxc6 19. Rfc1 Rfc8 20. Ne5 Be4 21. Rc5 Nd5 22. Bd4 Ne7 23. Ra5 Rc7 24. Rc1 f6 25. Nc4 Rd8 26. Rxa7 Rxa7 27. Bxa7 Bd5 28. Bc5 Nf5 29. a4 Ra8 30. Nb6 Ra6 31. Nxd5 cxd5 32. Rd1 d4 33. a3 Rxa4 34. Kf1 Rc4 35. Bb4 Kf7 36. Ke2 Ke6 37. Kd3 Kd5 38. Re1 Rc8 39. Re4 h5 40. h3 Rc1 41. Re8 Rd1+ 42. Ke2 Ra1 43. Rh8 Kc4 44. Rc8+ Kd5 45. Rc5+ Ke6 46. g4 hxg4 47. hxg4 Nh4 48. Kd3 Rd1+ 49. Ke2 Ra1 50. f4 Ng2 51. f5+ Kf7 52. Rc7+ Kg8 53. Rd7 d3+ 54. Kxd3 Rd1+ 55. Bd2 Nh4 56. Ke2 Rg1 57. Rd4 g6 58. fxg6 Nxg6 59. Kf2 Ra1 60. Bb4 Ne5 61. Bd6 Kf7 62. g5 fxg5 63. Bxe5 Rxa3 64. Rc4 Ke6 65. Bc3 Kf5 66. Kg3 Ra2 67. Rc5+ Kg6 68. Bd4 Ra3+ 69. Kg4 Ra4 70. Rc6+ Kf7 71. Rd6 Ke7 72. Rd5 Ke6 73. Re5+ Kd6 74. Re4 Kd5 75. Re5+ Kxd4 76. Rxg5 1/2-1/2

[Event "Cali Valle Colombia op-A"]
[Site "Cali Valle Colombia"]
[Date "2022.12.27"]
[Round "3"]
[White "Lopez Rayo, Isabella"]
[Black "Valdes Martinez, Miguel A"]
[Result "0-1"]
[WhiteElo "1887"]
[BlackElo "2104"]
[PlyCount "130"]
[EventDate "2022.12.26"]
[EventType "swiss"]
[EventRounds "9"]
[EventCountry "COL"]
[SourceTitle "CBM 211 Extra"]
[Source "ChessBase"]
[SourceDate "2023.01.31"]
[SourceVersion "1"]
[SourceVersionDate "2023.01.31"]
[SourceQuality "1"]

1. e4 c5 2. Nf3 Nc6 3. d4 cxd4 4. Nxd4 e5 5. Nb5 d6 6. c4 g6 7. Bd3 Be6 8. 0-0 a6 9. N5c3 Bg7 10. Nd5 Nf6 11. Nbc3 0-0 12. Nxf6+ Bxf6 13. Nd5 Bg5 14. f4 exf4 15. Nxf4 Ne5 16. b3 Qb6+ 17. Kh1 Qd4 18. Nxe6 fxe6 19. Bxg5 Nxd3 20. Bh4 Rxf1+ 21. Qxf1 Rf8 22. Qg1 Qxe4 23. Bg3 h5 24. Rf1 Rxf1 25. Qxf1 Ne5 26. h3 Nf7 27. Qf6 d5 28. cxd5 exd5 29. Bf2 Qf5 30. Qd4 Ng5 31. Qb6 Ne6 32. Bg1 Qf7 33. Qd6 Ng7 34. Bd4 Kh7 35. Qe5 b5 36. Kh2 g5 37. Qxg5 Ne6 38. Qe5 Qf4+ 39. Kh1 Qxe5 40. Bxe5 Kg6 41. g4 hxg4 42. hxg4 Kg5 43. Kg2 Kxg4 44. Kf2 Kf5 45. Bc3 d4 46. Bb4 Ke4 47. Ke2 Ng5 48. Bf8 Nf3 49. a4 d3+ 50. Kd1 Nd4 51. axb5 axb5 52. b4 Nb3 53. Bg7 Kd5 54. Bf8 Kc4 55. Be7 Nd4 56. Bc5 Kc3 57. Bd6 Nc6 58. Bf8 Nxb4 59. Bg7+ Kc4 60. Kd2 Nd5 61. Kc1 b4 62. Bh8 Nc3 63. Be5 Ne4 64. Bc7 d2+ 65. Kd1 Kd3 0-1

[Event "Cali Valle Colombia op-A"]
[Site "Cali Valle Colombia"]
[Date "2022.12.26"]
[Round "2"]
[White "Gonzalez, Juan Manuel"]
[Black "Lopez Rayo, Isabella"]
[Result "1-0"]
[WhiteElo "2127"]
[BlackElo "1887"]
[PlyCount "51"]
[EventDate "2022.12.26"]
[EventType "swiss"]
[EventRounds "9"]
[EventCountry "COL"]
[SourceTitle "CBM 211 Extra"]
[Source "ChessBase"]
[SourceDate "2023.01.31"]
[SourceVersion "1"]
[SourceVersionDate "2023.01.31"]
[SourceQuality "1"]

1. d4 Nf6 2. Nf3 g6 3. Bf4 Bg7 4. e3 0-0 5. Be2 d6 6. c3 c5 7. 0-0 Qb6 8. Nbd2 Nc6 9. h3 cxd4 10. exd4 Be6 11. Ng5 Bd7 12. Nc4 Qc7 13. a4 h6 14. Nf3 Nd5 15. Bh2 b6 16. Re1 Nd8 17. Bf1 Ne6 18. Qb3 Bc6 19. Ne3 Qb7 20. a5 Nef4 21. a6 Qd7 22. Bxf4 Nxf4 23. d5 e5 24. dxc6 Qxc6 25. Qb5 Qe4 26. Nd2 1-0

[Event "Palmira Fortalece Sede"]
[Site "Palmira"]
[Date "2022.12.18"]
[Round "10"]
[White "Herrera, Juan Sebastian"]
[Black "Lopez Rayo, Isabella"]
[Result "1-0"]
[WhiteElo "2316"]
[BlackElo "1887"]
[PlyCount "63"]
[EventDate "2022.12.13"]
[EventType "swiss"]
[EventRounds "10"]
[EventCountry "COL"]
[SourceTitle "CBM 211 Extra"]
[Source "ChessBase"]
[SourceDate "2023.01.31"]
[SourceVersion "1"]
[SourceVersionDate "2023.01.31"]
[SourceQuality "1"]

1. d4 Nf6 2. c4 c5 3. d5 b5 4. cxb5 a6 5. b6 e6 6. Nc3 Nxd5 7. Nxd5 exd5 8. Qxd5 Nc6 9. Nf3 Rb8 10. e4 Be7 11. Bc4 0-0 12. 0-0 Rxb6 13. Bd2 d6 14. Bc3 Be6 15. Qd3 Nb4 16. Qe2 Bxc4 17. Qxc4 d5 18. exd5 Qxd5 19. Ne5 Rd8 20. a3 Nc6 21. Rad1 Qxc4 22. Nxc4 Rbb8 23. Rde1 Kf8 24. Re4 Nd4 25. Rfe1 Bf6 26. Ne5 Bxe5 27. Rxe5 Ne6 28. g3 Rd3 29. Kg2 Rbd8 30. f4 R3d5 31. Ba5 Rb8 32. Rxd5 1-0

[Event "Palmira Fortalece Sede"]
[Site "Palmira"]
[Date "2022.12.17"]
[Round "8"]
[White "Lopez Rayo, Isabella"]
[Black "Mora Munoz, Alejandro"]
[Result "1/2-1/2"]
[WhiteElo "1887"]
[BlackElo "1931"]
[PlyCount "66"]
[EventDate "2022.12.13"]
[EventType "swiss"]
[EventRounds "10"]
[EventCountry "COL"]
[SourceTitle "CBM 211 Extra"]
[Source "ChessBase"]
[SourceDate "2023.01.31"]
[SourceVersion "1"]
[SourceVersionDate "2023.01.31"]
[SourceQuality "1"]

1. e4 c5 2. Nf3 d6 3. d4 cxd4 4. Nxd4 Nf6 5. Nc3 a6 6. f3 e6 7. Be3 b5 8. Qd2 Nbd7 9. g4 h6 10. 0-0-0 Bb7 11. Be2 b4 12. Na4 Qa5 13. b3 d5 14. exd5 Nxd5 15. Bc4 Nc5 16. Bxd5 Bxd5 17. Nxc5 Bxc5 18. a4 h5 19. h3 0-0-0 20. Qf2 Qc7 21. Kb1 Qb7 22. Rhf1 hxg4 23. hxg4 Rh3 24. Nxe6 fxe6 25. Bxc5 Rxf3 26. Qh4 Rc3 27. Qxd8+ Kxd8 28. Rf8+ Kd7 29. Rf7+ Kc6 30. Rxb7 Kxb7 31. Bxb4 Rg3 32. Rd4 Kc6 33. Kb2 e5 1/2-1/2

[Event "Jamundi Fortalece Sede op"]
[Site "Jamundi"]
[Date "2022.12.10"]
[Round "9"]
[White "Lopez Rayo, Isabella"]
[Black "Malka, Samuel"]
[Result "0-1"]
[WhiteElo "1887"]
[BlackElo "2265"]
[PlyCount "63"]
[EventDate "2022.12.05"]
[EventType "swiss"]
[EventRounds "10"]
[EventCountry "COL"]
[SourceTitle "CBM 211 Extra"]
[Source "ChessBase"]
[SourceDate "2023.01.31"]
[SourceVersion "1"]
[SourceVersionDate "2023.01.31"]
[SourceQuality "1"]

1. e4 c5 2. Nf3 Nc6 3. d4 cxd4 4. Nxd4 Nf6 5. Nc3 e5 6. Ndb5 d6 7. Bg5 a6 8. Na3 b5 9. Nd5 Be7 10. Bxf6 Bxf6 11. c3 0-0 12. Be2 Bg5 13. Nc2 Rb8 14. 0-0 a5 15. Qd3 Ne7 16. Rad1 Nxd5 17. Qxd5 Bb7 18. Qd3 Qb6 19. Na3 Rfd8 20. Qxb5 Qc7 21. Qa4 d5 22. exd5 Bxd5 23. Qg4 Be7 24. Nb5 Qc5 25. c4 Be6 26. Rxd8+ Rxd8 27. Qe4 Rd2 28. Nc3 Qd4 29. Qa8+ Bf8 30. Qxa5 Rxb2 31. Rd1 Rxe2 32. Nb1 0-1

[Event "Jamundi Fortalece Sede op"]
[Site "Jamundi"]
[Date "2022.12.09"]
[Round "7"]
[White "Mateus Urbano, Luis Alejandro"]
[Black "Lopez Rayo, Isabella"]
[Result "1-0"]
[WhiteElo "2300"]
[BlackElo "1887"]
[PlyCount "71"]
[EventDate "2022.12.05"]
[EventType "swiss"]
[EventRounds "10"]
[EventCountry "COL"]
[SourceTitle "CBM 211 Extra"]
[Source "ChessBase"]
[SourceDate "2023.01.31"]
[SourceVersion "1"]
[SourceVersionDate "2023.01.31"]
[SourceQuality "1"]

1. e4 c5 2. Nf3 d6 3. d4 cxd4 4. Nxd4 Nf6 5. Nc3 g6 6. Be3 Bg7 7. f3 0-0 8. Qd2 Nc6 9. 0-0-0 d5 10. Kb1 Nxd4 11. e5 Ne4 12. fxe4 Nc6 13. Nxd5 Bg4 14. Be2 Bxe2 15. Qxe2 Qa5 16. Bf4 e6 17. Bd2 Qa4 18. Nf6+ Kh8 19. Bc3 b5 20. b3 Qa6 21. h4 h6 22. h5 g5 23. Nd7 Rfe8 24. a4 Qc8 25. Qxb5 a6 26. Qf1 Nd8 27. Rh3 Qc6 28. Nf6 Re7 29. Rhd3 Nb7 30. Bb4 Rc7 31. Rc3 Qb6 32. Nd7 Rxd7 33. Rxd7 Qxb4 34. Qxf7 Rg8 35. Rc8 Qe1+ 36. Ka2 1-0

[Event "Jamundi Fortalece Sede op"]
[Site "Jamundi"]
[Date "2022.12.08"]
[Round "6"]
[White "Lopez Rayo, Isabella"]
[Black "Gonzalez Velasco, Leandro"]
[Result "0-1"]
[WhiteElo "1887"]
[BlackElo "1937"]
[PlyCount "74"]
[EventDate "2022.12.05"]
[EventType "swiss"]
[EventRounds "10"]
[EventCountry "COL"]
[SourceTitle "CBM 211 Extra"]
[Source "ChessBase"]
[SourceDate "2023.01.31"]
[SourceVersion "1"]
[SourceVersionDate "2023.01.31"]
[SourceQuality "1"]

1. e4 c5 2. Nf3 d6 3. d4 cxd4 4. Nxd4 Nf6 5. Nc3 Nc6 6. Bg5 e6 7. Qd2 Be7 8. 0-0-0 0-0 9. Nb3 Qb6 10. f3 Rd8 11. h4 Rd7 12. Bd3 Qd8 13. h5 a6 14. g4 Ne5 15. Qg2 b5 16. Bxf6 Bxf6 17. f4 Nc4 18. Bxc4 bxc4 19. Nd4 Qb6 20. Nde2 Qe3+ 21. Kb1 Rb8 22. Rh3 Rxb2+ 23. Ka1 Qb6 24. Qg1 Qxg1 25. Rxg1 Rxc2 26. Kb1 Rd2 27. Kc1 Rd3 28. Rhg3 Rxg3 29. Rxg3 Bxc3 30. Nxc3 d5 31. exd5 exd5 32. Re3 Kf8 33. Re5 Bb7 34. Na4 Re7 35. Rf5 g6 36. hxg6 hxg6 37. Rf6 Re6 0-1

[Event "Jamundi Fortalece Sede op"]
[Site "Jamundi"]
[Date "2022.12.07"]
[Round "4"]
[White "Argote Heredia, Valentina"]
[Black "Lopez Rayo, Isabella"]
[Result "1-0"]
[WhiteElo "2165"]
[BlackElo "1887"]
[PlyCount "73"]
[EventDate "2022.12.05"]
[EventType "swiss"]
[EventRounds "10"]
[EventCountry "COL"]
[SourceTitle "CBM 211 Extra"]
[Source "ChessBase"]
[SourceDate "2023.01.31"]
[SourceVersion "1"]
[SourceVersionDate "2023.01.31"]
[SourceQuality "1"]

1. e4 c5 2. c3 d5 3. exd5 Qxd5 4. d4 Nc6 5. Nf3 Bf5 6. Na3 0-0-0 7. Be3 e6 8. Bc4 Qe4 9. 0-0 h6 10. Qa4 Nf6 11. Rfe1 Bd6 12. dxc5 Bb8 13. Bg5 Qg4 14. h3 Qh5 15. Ba6 Ne7 16. c6 Rd5 17. Bxb7+ Kd8 18. Bxf6 gxf6 19. c7+ Bxc7 20. Bxd5 Nxd5 21. Qxa7 Bxh3 22. Qa8+ Ke7 23. Qxh8 Qg4 24. Rxe6+ fxe6 25. Ne1 Bxg2 26. Nxg2 Nf4 27. Qa8 h5 28. Qb7 Kd8 29. Nb5 Nh3+ 30. Kf1 Qc4+ 31. Ke1 Be5 32. Rd1+ Ke8 33. Qd7+ Kf8 34. Qd8+ Kg7 35. Rd7+ Kg6 36. Qg8+ Kf5 37. Ne3+ 1-0

[Event "Sabaneta op-A 1st"]
[Site "Sabaneta"]
[Date "2022.12.01"]
[Round "10"]
[White "Munoz Sanchez, Miguel Angel"]
[Black "Lopez Rayo, Isabella"]
[Result "1-0"]
[WhiteElo "2225"]
[BlackElo "1898"]
[PlyCount "81"]
[EventDate "2022.11.25"]
[EventType "swiss"]
[EventRounds "10"]
[EventCountry "COL"]
[SourceTitle "CBM 211 Extra"]
[Source "ChessBase"]
[SourceDate "2023.01.31"]
[SourceVersion "1"]
[SourceVersionDate "2023.01.31"]
[SourceQuality "1"]

1. e4 c5 2. Nf3 d6 3. c3 Nf6 4. Be2 g6 5. 0-0 Bg7 6. Re1 0-0 7. Bf1 e5 8. h3 Nc6 9. d4 h6 10. dxc5 dxc5 11. Qc2 a6 12. Be3 Qe7 13. a4 b6 14. Na3 Be6 15. Nc4 Nd7 16. Red1 Bxc4 17. Bxc4 Na5 18. Nd2 Nxc4 19. Nxc4 Rfb8 20. Qd2 Nf6 21. f3 Rd8 22. Qf2 Qe6 23. Qe2 Bf8 24. a5 b5 25. Nb6 Rab8 26. c4 bxc4 27. Rxd8 Rxd8 28. Qxc4 Qxc4 29. Nxc4 Rb8 30. Rd1 g5 31. Rd2 Rb4 32. Nxe5 Ra4 33. Rd8 Rxa5 34. Ra8 Rb5 35. Rxa6 Nh5 36. Ra8 Kg7 37. Ra7 Rxb2 38. Rxf7+ Kg8 39. Rd7 Ng3 40. Ng4 c4 41. Nf6+ 1-0

[Event "Sabaneta op-A 1st"]
[Site "Sabaneta"]
[Date "2022.11.27"]
[Round "4"]
[White "Lopez Rayo, Isabella"]
[Black "Mora Munoz, Alejandro"]
[Result "1-0"]
[WhiteElo "1898"]
[BlackElo "1959"]
[PlyCount "71"]
[EventDate "2022.11.25"]
[EventType "swiss"]
[EventRounds "10"]
[EventCountry "COL"]
[SourceTitle "CBM 211 Extra"]
[Source "ChessBase"]
[SourceDate "2023.01.31"]
[SourceVersion "1"]
[SourceVersionDate "2023.01.31"]
[SourceQuality "1"]

1. e4 c5 2. Nf3 d6 3. d4 cxd4 4. Nxd4 Nf6 5. Nc3 a6 6. f3 e5 7. Nb3 Be6 8. Be3 Be7 9. Qd2 0-0 10. 0-0-0 a5 11. a4 Nc6 12. g4 Nb4 13. g5 Nh5 14. Kb1 f5 15. Bh3 Kh8 16. Rhg1 g6 17. Qf2 Qc8 18. exf5 Bxf5 19. Bxf5 Qxf5 20. Nd5 Nxd5 21. Rxd5 Nf4 22. Bxf4 Qxf4 23. Rb5 Qxa4 24. Rxb7 Qe8 25. Qb6 a4 26. Na5 Bd8 27. Qxd6 Rxa5 28. Rg3 Ra8 29. Rh3 Rf7 30. Qxg6 Be7 31. Qe6 a3 32. g6 a2+ 33. Ka1 Qd8 34. Qxe5+ Bf6 35. Rxh7+ Kg8 36. gxf7+ 1-0